Schritte : Übungsgrammatik : Niveau A1-B1 /

Hlavní autor: Gottstein-Schramm, Barbara
Další autoři: Kalender, Susanne, Specht, Franz, Duckstein, Barbara
Jazyk: Němčina
Vydáno: Ismaning : Hueber Verlag, [2010]
Vydání: 1. Auflage
Edice: Deutsch als Fremdsprache (Hueber)
Témata:
Fyzický popis: 184 stran : ilustrace (některé barevné) ; 24 cm
Knihy
Uloženo v:
LEADER 01930nam a2200493 i 4500
001 001778875
003 CZ BrMZK
005 20251001074712.0
007 ta
008 201203t20102010gw a g p 001 0 ger
020 |a 978-3-19-301911-0  |q (brožováno) 
040 |a BOA001  |b cze  |e rda 
072 7 |a 811.112.2  |x Němčina  |2 Konspekt  |9 11 
072 7 |a 37.016  |x Učební osnovy. Vyučovací předměty. Učebnice  |2 Konspekt  |9 22 
080 |a 811.112.2  |2 MRF 
080 |a 81'36  |2 MRF 
080 |a (07.062)81  |2 MRF 
080 |a (07.063)81  |2 MRF 
080 |a (076.3)  |2 MRF 
100 1 |a Gottstein-Schramm, Barbara  |7 pna2010583707  |4 aut 
245 1 0 |a Schritte :  |b Übungsgrammatik : Niveau A1-B1 /  |c Barbara Gottstein-Schramm, Susanne Kalender, Franz Specht unter Mitarbeit von Barbara Duckstein 
250 |a 1. Auflage 
264 1 |a Ismaning :  |b Hueber Verlag,  |c [2010] 
264 4 |c ©2010 
300 |a 184 stran :  |b ilustrace (některé barevné) ;  |c 24 cm 
336 |a text  |b txt  |2 rdacontent 
337 |a bez média  |b n  |2 rdamedia 
338 |a svazek  |b nc  |2 rdacarrier 
490 1 |a Deutsch als Fremdsprache 
500 |a Obsahuje rejstřík 
650 0 7 |a němčina  |7 ph115512  |2 czenas 
650 0 7 |a mluvnice  |7 ph115331  |2 czenas 
653 0 |a jazyková úroveň A1  |a jazyková úroveň A2  |a jazyková úroveň B1 
655 7 |a jazykové učebnice, texty, příručky (A)  |7 fd600889  |2 czenas 
655 7 |a jazykové učebnice, texty, příručky (B)  |7 fd600891  |2 czenas 
655 7 |a diktáty a cvičení  |7 fd186920  |2 czenas 
700 1 |a Kalender, Susanne  |7 pna2010583709  |4 aut 
700 1 |a Specht, Franz  |7 xx0086293  |4 aut 
700 1 |a Duckstein, Barbara  |7 ola2010548507  |4 aut 
830 0 |a Deutsch als Fremdsprache (Hueber) 
910 |a BOA001  |b NK-0008.056 
990 |a BK 
991 |b 202106  |c NOV  |x 44 
996 7 |b 261D010507  |c NK-0008.056  |l Německá knihovna/2.patro  |r ZHR  |n 9  |p dar  |h D-übung  |w 001836782  |u 000010  |a 0  |e BOA001  |j MZK50  |s A